Statistiques concernant Musique par lettre - G

Cliquez ici pour prendre le quiz!

Statistiques générales

  • Ce quiz a été pris 2 297 fois
  • Le résultat moyen est 10 sur 16

Statistiques - réponses

QuestionsRéponses% Correct
Chanteur québécois, il s'est fait connaître en France en interprétant Quasimodo dans la comédie musicale Notre-Dame de ParisGarou
94%
Titre d'une chanson coréenne, sortie en 2012, son clip est la première vidéo YouTube à voir dépassé le milliard de vuesGangnam Style
87%
Chanteuse française, elle remporte l'Eurovision en représentant le Luxembourg avec le titre "Poupée de cire, poupée de son"France Gall
86%
Récompenses et cérémonie, créées en 1958, aux USA, sont but est d'honorer les meilleurs artistes et techniciens dans le monde de la musiqueGrammy Awards
86%
Titre d'une comédie musicale, créée en 1971, son adaptation cinématographique est très célèbre, elle réunit à l'affiche John Travolta et Olivia Newton-JohnGrease
81%
Auteur-compositeur-interprète français, dans une émission de télévision très regardé il brûle les 3/4 d'un billet de 500 francsSerge Gainsbourg
79%
Chanteuse américaine, en 2019 son cinquième album "thank u, next" c'est placé en tête des ventes 5 min après sa sortieAriana Grande
74%
Titre d'une chanson des Daft Punk, co-écrite et interprétée avec Pharrell Williams et Nile Rodgers, sortie en 2013Get Lucky
72%
Chanteuse américaine, interprète de "I Will Survive"Gloria Gaynor
71%
Groupe de musique, d'origine catalane et gitane, créé en 1978Gipsy Kings
64%
Chanteur belge, qui s'est fait connaître grâce à son titre "Somebody that I used to know", en collaboration avec Kimbra, en 2011Gotye
61%
Groupe de punk-rock américain, connu pour ses titres "Basket Case", "American Idiot"...Green Day
52%
Titre d'une chanson pop-punk, sortie en 2007, par Avril Lavigne,Girlfriend
40%
Groupe américain, interprète de "Heavy Cross", "Move in the Right Direction"...Gossip
28%
Festival de pop, rock, rap, électro et techno, qui a lieu dans le Sud Ouest de la France à MarmandeGarorock
27%
Instrument de musique, qui se place entre les lèvres et produit du son grâce à une lamelle actionnée par le doigtGuimbarde
24%

Distribution des résultats

Percentile par nombre de réponses

% des personnes avec chaque résultat

Votre développement - résultats

Vous n’avez pas pris ce quiz